000 01277cam a2200337Ia 4500
001 51939
005 20230404130026.0
008 070717s2006 cu ac b 000 0 spa d
035 _a(OCoLC)ocn156580423
040 _aNOC
_cNOC
_dPIT
_dFXG
020 _a9592104409
020 _a9789592104402
035 _a(OCoLC)156580423
043 _anwcu---
050 1 4 _a107 F 1787.5
_bE18p 2006
100 1 _aEcheverría, José Antonio,
_dd. 1957.
245 1 0 _aPapeles del presidente :
_bdocumentos y discursos de José Antonio Echeverría Bianchi /
_ccompilación Hilda Natalia Berdayes García.
260 _aCiudad de La Habana, Cuba :
_bCasa Editora Abril,
_cc2006.
300 _a195, [13] p. :
_bill., ports. ;
_c23 cm.
504 _aIncludes bibliographical references: (p. [201-202])
600 1 0 _aEcheverría, José Antonio,
_dd. 1957.
650 0 _aCollege students
_zCuba
_xPolitical activity.
650 0 _aStudent movements
_zCuba
_xHistory.
650 0 _aGovernment, Resistance to
_zCuba
_y20th century.
651 0 _aCuba
_xPolitics and government
_y1933-1959.
610 2 0 _aUniversidad de La Habana.
_bFederación Estudiantil Universitaria.
700 1 _aBerdayes García, Hilda Natalia,
_d1951-
942 _2lcc
_cbk
946 _almminaya
994 _aC0
_bDRFGD
999 _c9438
_d9438